000 01537nam0a22003011 4500
001 v19\rc\2028614
005 20251118181521.1
035 _a(NLR Aleph) 005108768
090 _a7470489
_c7470489
100 _a20080925d1916 |||y0rusy50 ca
101 0 _arus
102 _aRU
105 _ay c |||||
200 1 _aГлавнейшие указания ротному командиру по атаке и обороне укрепленной позиции по опыту текущей войны и план, и краткая программа обучения нижних чинов атаке и обороне укрепленной позиции
_fСост. 4-го гр. Несвижского полка кап. Самохваловым
210 _aМосква
_cтип. Штаба Моск. воен. окр.
_d1916
215 _a25 с.
_d18
517 0 _aПлан, и краткая программа обучения нижних чинов атаке и обороне укрепленной позиции
517 0 _aКраткая программа обучения нижних чинов атаке и обороне укрепленной позиции
700 1 _aСамохвалов
_bВ. Н.
_cкап.
_gВалентин Николаевич
_4220
801 0 _aRU
_bNLR
_gpsbo
801 0 _aRU
_bRuMoRGB
_2psbo
801 1 _aRU
_bProSoft-M
_2rusmarc
852 _aNLR
_j37.74.4.135
899 _aRuMoRGB
_jΔ 32/416
899 _aRuMoRGB
_jV 162/1028
899 _aБАН
942 _cBOOK
980 _aNB